Top 15 wyswietleń światowego Youtuba ( muzyka ) - Statystyki

Ogólne statystyki
  • Ten quiz został rozwiązany 750 razy
  • Średni wynik to 3 z 15
Statystyki odpowiedzi
Wyświetlenia Tytuł piosenki % Poprawnych
WYŁĄCZCIE TO BADZIEWIE (5,983,000,000) Despacito
91%
4,082,000,000 Shape of You
46%
3,293,000,000 GANGAM STYLE
38%
4,015,000,000 See YouAgain
31%
3,086,000,000 Sorry
20%
2,749,000,000 Roar
19%
2,484,000,000 Hello
17%
2,744,000,000 Shake It Off
16%
2,893,000,000 Sugar
12%
2,517,000,000 Dark Horse
11%
3,466,000,000 Uptown Funk
10%
2,685,000,000 Bailando
7%
2,657,000,000 Counting Stars
7%
2,667,000,000 Thinking Out Loud
7%
2,506,000,000 Lean on
6%
Nie znaleziono quizów pasujących do podanych kryteriów
Rozkład punktacji
Procent ludzi z każdym wynikiem
Percentyl według liczby udzielonych odpowiedzi
Twoja historia wyników
Nie rozwiązałeś tego quizu